| 000 | 00496nam a2200205 a 4500 | ||
|---|---|---|---|
| 001 | 781 | ||
| 003 | CO-ViMGA | ||
| 008 | 141112s2004 ck r 000 u spa d | ||
| 040 |
_aCO-ViMGA _bspa _cCO-ViMGA |
||
| 082 | 0 | 4 | _a540 B741 |
| 100 | 1 |
_aBriaño B, Carlos Omar _948660 |
|
| 245 | 1 | 0 | _aQuímica |
| 250 | _a2a | ||
| 260 |
_aSantafé de Bogotá : _bEducativa, _c1997 |
||
| 300 | _a681 p : il | ||
| 500 | _aIncluya disquet. | ||
| 650 | 1 | 4 | _aATOMO |
| 650 | 1 | 4 |
_aQUIMICA _94338 |
| 942 |
_2ddc _cBK |
||
| 999 |
_c13018 _d13018 |
||